[Event "MP do lat 16 - dziewczeta"]
[Site "Sypniewo"]
[Date "2022.03.21"]
[Round "3.3"]
[White "Barwinska, Ewa"]
[Black "Szopa, Emilia"]
[Result "1-0"]
[BlackElo "1758"]
[WhiteElo "1848"]
[LiveChessVersion "1.4.8"]

1. e4 {[%clk 1:30:57]} c6 {[%clk 1:30:49]} 2. d4 {[%clk 1:31:20]} d5
{[%clk 1:31:11]} 3. Nc3 {[%clk 1:31:43]} dxe4 {[%clk 1:31:31]} 4. Nxe4
{[%clk 1:32:04]} Nd7 {[%clk 1:31:49]} 5. Ng5 {[%clk 1:31:58]} Ngf6
{[%clk 1:31:18]} 6. Bd3 {[%clk 1:32:11]} e6 {[%clk 1:30:35]} 7. N1f3
{[%clk 1:32:02]} Bd6 {[%clk 1:28:08]} 8. Qe2 {[%clk 1:13:55]} h6 {[%clk 1:25:11]}
9. Ne4 {[%clk 1:06:19]} Nxe4 {[%clk 1:24:50]} 10. Bxe4 {[%clk 0:59:59]} Qc7
{[%clk 1:15:02]} 11. c4 {[%clk 0:55:48]} Nf6 {[%clk 0:59:20]} 12. O-O
{[%clk 0:47:11]} c5 {[%clk 0:48:46]} 13. dxc5 {[%clk 0:39:22]} Bxc5
{[%clk 0:47:03]} 14. a3 {[%clk 0:38:40]} Bd7 {[%clk 0:40:17]} 15. Bd3
{[%clk 0:33:47]} O-O {[%clk 0:32:08]} 16. b4 {[%clk 0:32:42]} Be7
{[%clk 0:27:13]} 17. Bb2 {[%clk 0:31:49]} a5 {[%clk 0:21:32]} 18. Bc3
{[%clk 0:28:17]} b5 {[%clk 0:13:29]} 19. c5 {[%clk 0:22:34]} Qb7 {[%clk 0:12:05]}
20. Ne5 {[%clk 0:18:25]} Be8 {[%clk 0:09:02]} 21. Ng4 {[%clk 0:14:32]} Nxg4
{[%clk 0:03:32]} 22. Qxg4 {[%clk 0:14:55]} Bg5 {[%clk 0:03:22]} 23. f4
{[%clk 0:13:04]} f5 {[%clk 0:03:18]} 24. Qe2 {[%clk 0:12:56]} Be7
{[%clk 0:02:29]} 25. Qxe6+ {[%clk 0:11:08]} Rf7 {[%clk 0:02:23]} 26. Bxf5
{[%clk 0:07:57]} Ra6 {[%clk 0:02:20]} 27. Qb3 {[%clk 0:06:16]} a4
{[%clk 0:01:51]} 28. Qa2 {[%clk 0:06:28]} Bd7 {[%clk 0:01:59]} 29. Bh7+
{[%clk 0:04:44]} Kf8 {[%clk 0:01:50]} 30. f5 {[%clk 0:04:32]} Qe4
{[%clk 0:01:13]} 31. Rae1 {[%clk 0:04:10]} Qd3 {[%clk 0:00:50]} 32. f6
{[%clk 0:02:45]} Bxc5+ {[%clk 0:01:02]} 33. bxc5 {[%clk 0:03:11]} Qxc3
{[%clk 0:01:18]} 34. fxg7+ {[%clk 0:01:28]} Qxg7 {[%clk 0:01:36]} 35. Rxf7+
{[%clk 0:00:55]} Qxf7 {[%clk 0:01:58]} 36. Qc2 {[%clk 0:00:40]} Rf6
{[%clk 0:01:44]} 37. Qe4 {[%clk 0:00:42]} Bc6 {[%clk 0:01:46]} 38. Qe5
{[%clk 0:00:34]} Kg7 {[%clk 0:01:23]} 39. Be4 {[%clk 0:00:43]} Bd7
{[%clk 0:00:44]} 40. c6 {[%clk 0:30:45]} Bc8 {[%clk 0:30:43]} 41. Bd5
{[%clk 0:19:00]} Qa7+ {[%clk 0:25:36]} 42. Re3 {[%clk 0:13:36]} b4
{[%clk 0:13:47]} 43. h4 {[%clk 0:10:17]} b3 {[%clk 0:09:16]} 44. Kh2
{[%clk 0:10:19]} Bg4 {[%clk 0:06:07]} 45. Rg3 {[%clk 0:07:23]} h5
{[%clk 0:04:20]} 46. Qxh5 {[%clk 0:07:18]} Rg6 {[%clk 0:03:51]} 47. Qe5+
{[%clk 0:05:14]} Kh6 {[%clk 0:01:06]} 48. Qf4+ {[%clk 0:05:06]} Kg7
{[%clk 0:00:44]} 49. Rxg4 {[%clk 0:04:38]} b2 {[%clk 0:00:42]} 50. Rxg6+
{[%clk 0:03:41]} Kxg6 {[%clk 0:01:02]} 51. Qg5+ {[%clk 0:04:07]} Kh7
{[%clk 0:01:19]} 52. Qg8+ {[%clk 0:04:21]} Kh6 {[%clk 0:01:38]} 53. Qh8+
{[%clk 0:04:43]} Qh7 {[%clk 0:01:49]} 54. Qxh7+ {[%clk 0:05:02]} Kxh7
{[%clk 0:02:14]} 55. Be4+ {[%clk 0:05:29]} 1-0

[Event "MP do lat 16 - dziewczeta"]
[Site "Sypniewo"]
[Date "2022.03.21"]
[Round "3.4"]
[White "Biniak, Zuzanna"]
[Black "Rejniak, Zuzanna"]
[Result "1-0"]
[BlackElo "1816"]
[WhiteElo "1257"]
[LiveChessVersion "1.4.8"]

1. Nf3 {[%clk 1:30:58]} Nf6 {[%clk 1:30:44]} 2. g3 {[%clk 1:31:20]} g6
{[%clk 1:30:59]} 3. Bg2 {[%clk 1:31:35]} Bg7 {[%clk 1:31:23]} 4. d3
{[%clk 1:31:48]} d5 {[%clk 1:31:15]} 5. Nbd2 {[%clk 1:30:43]} O-O
{[%clk 1:28:42]} 6. O-O {[%clk 1:30:37]} c5 {[%clk 1:12:59]} 7. e4
{[%clk 1:24:21]} Nc6 {[%clk 1:11:05]} 8. c3 {[%clk 1:21:35]} dxe4
{[%clk 1:04:16]} 9. dxe4 {[%clk 1:21:26]} Bg4 {[%clk 0:57:25]} 10. Qc2
{[%clk 1:16:52]} Qc8 {[%clk 0:51:41]} 11. Re1 {[%clk 1:09:13]} Rb8
{[%clk 0:45:54]} 12. a4 {[%clk 1:00:00]} b5 {[%clk 0:36:57]} 13. axb5
{[%clk 0:54:20]} Rxb5 {[%clk 0:37:19]} 14. Nc4 {[%clk 0:51:09]} Nd7
{[%clk 0:27:03]} 15. h3 {[%clk 0:41:16]} Bxf3 {[%clk 0:27:20]} 16. Bxf3
{[%clk 0:41:35]} Nde5 {[%clk 0:27:26]} 17. Nxe5 {[%clk 0:41:41]} Nxe5
{[%clk 0:27:50]} 18. Bg2 {[%clk 0:41:48]} c4 {[%clk 0:19:05]} 19. Rxa7
{[%clk 0:30:36]} Nd3 {[%clk 0:19:30]} 20. Rd1 {[%clk 0:30:42]} Qb8
{[%clk 0:13:21]} 21. Ra2 {[%clk 0:28:35]} f5 {[%clk 0:09:19]} 22. exf5
{[%clk 0:21:44]} Rbxf5 {[%clk 0:09:23]} 23. Be3 {[%clk 0:20:48]} Qb3
{[%clk 0:06:30]} 24. Qxb3 {[%clk 0:19:36]} cxb3 {[%clk 0:06:55]} 25. Ra7
{[%clk 0:18:36]} Nxb2 {[%clk 0:04:22]} 26. Rdd7 {[%clk 0:16:30]} Nc4
{[%clk 0:01:58]} 27. Bd5+ {[%clk 0:14:10]} Rxd5 {[%clk 0:02:12]} 28. Rxd5
{[%clk 0:14:33]} Nxe3 {[%clk 0:01:16]} 29. fxe3 {[%clk 0:14:34]} Bxc3
{[%clk 0:01:29]} 30. Rb5 {[%clk 0:11:46]} b2 {[%clk 0:00:36]} 31. Rxe7
{[%clk 0:11:22]} Rd8 1-0

[Event "MP do lat 16 - dziewczeta"]
[Site "Sypniewo"]
[Date "2022.03.21"]
[Round "3.5"]
[White "Dallemura, Anna"]
[Black "Siekanska, Maria"]
[Result "0-1"]
[BlackElo "1989"]
[WhiteElo "1518"]
[LiveChessVersion "1.4.8"]

1. e4 {[%clk 1:30:59]} c5 {[%clk 1:30:51]} 2. Nf3 {[%clk 1:30:59]} d6
{[%clk 1:30:51]} 3. d4 {[%clk 1:31:43]} cxd4 {[%clk 1:31:40]} 4. Nxd4
{[%clk 1:32:06]} Nf6 {[%clk 1:32:03]} 5. Nc3 {[%clk 1:32:21]} a6 {[%clk 1:32:26]}
6. Bd3 {[%clk 1:32:11]} Nc6 {[%clk 1:31:42]} 7. Nb3 {[%clk 1:28:31]} e6
{[%clk 1:28:16]} 8. O-O {[%clk 1:24:40]} Be7 {[%clk 1:27:27]} 9. f4
{[%clk 1:22:08]} O-O {[%clk 1:24:20]} 10. Bd2 {[%clk 1:20:45]} Qc7
{[%clk 1:21:34]} 11. Qf3 {[%clk 1:16:57]} Rb8 {[%clk 1:13:41]} 12. a4
{[%clk 1:09:37]} Nb4 {[%clk 1:02:17]} 13. Kh1 {[%clk 1:06:40]} Nxd3
{[%clk 0:57:39]} 14. Qxd3 {[%clk 0:58:41]} b6 {[%clk 0:54:38]} 15. Rae1
{[%clk 0:56:40]} Bb7 {[%clk 0:52:36]} 16. Nd4 {[%clk 0:48:37]} Rfd8
{[%clk 0:49:25]} 17. Qg3 {[%clk 0:41:06]} Rbc8 {[%clk 0:47:18]} 18. f5
{[%clk 0:37:48]} Qc4 {[%clk 0:42:05]} 19. Qe3 {[%clk 0:29:11]} e5
{[%clk 0:39:13]} 20. Nf3 {[%clk 0:27:56]} b5 {[%clk 0:38:39]} 21. axb5
{[%clk 0:27:56]} axb5 {[%clk 0:38:39]} 22. b3 {[%clk 0:19:39]} Qc6
{[%clk 0:38:28]} 23. b4 {[%clk 0:19:39]} Bf8 {[%clk 0:34:49]} 24. Qd3
{[%clk 0:17:00]} Qc4 {[%clk 0:33:14]} 25. Re2 {[%clk 0:08:00]} Rd7
{[%clk 0:27:55]} 26. Rfe1 {[%clk 0:06:15]} h6 {[%clk 0:23:55]} 27. h3
{[%clk 0:05:54]} Nh5 {[%clk 0:20:51]} 28. Kh2 {[%clk 0:05:34]} Nf4
{[%clk 0:20:22]} 29. Bxf4 {[%clk 0:05:08]} Qxd3 {[%clk 0:19:36]} 30. cxd3
{[%clk 0:05:36]} Rxc3 {[%clk 0:19:55]} 31. Bd2 {[%clk 0:02:41]} Rxd3
{[%clk 0:19:41]} 32. Rc1 {[%clk 0:02:33]} f6 {[%clk 0:19:25]} 33. Be1
{[%clk 0:02:06]} d5 {[%clk 0:18:07]} 34. exd5 {[%clk 0:02:06]} Bxd5
{[%clk 0:18:07]} 35. Nh4 {[%clk 0:02:23]} Bc4 {[%clk 0:16:28]} 36. Rec2
{[%clk 0:01:54]} e4 {[%clk 0:15:01]} 37. Ng6 {[%clk 0:01:54]} Bd6+
{[%clk 0:15:01]} 38. Kg1 {[%clk 0:01:56]} Ra7 {[%clk 0:12:36]} 39. Rb2
{[%clk 0:01:04]} e3 {[%clk 0:12:20]} 40. Nh4 {[%clk 0:30:49]} Kf7
{[%clk 0:40:16]} 41. Nf3 {[%clk 0:28:55]} Ke7 {[%clk 0:36:44]} 42. Rbb1
{[%clk 0:26:35]} Bd5 {[%clk 0:33:46]} 43. Nh4 {[%clk 0:21:35]} Ra2
{[%clk 0:29:13]} 44. Rd1 {[%clk 0:12:07]} Rxd1 {[%clk 0:25:18]} 45. Rxd1
{[%clk 0:12:35]} Re2 {[%clk 0:24:22]} 46. Bc3 {[%clk 0:10:34]} Ba8
{[%clk 0:18:37]} 47. Ng6+ {[%clk 0:10:34]} Kd7 {[%clk 0:18:11]} 48. Nf8+
{[%clk 0:05:19]} Kc6 {[%clk 0:18:11]} 49. Ne6 {[%clk 0:05:19]} Be5
{[%clk 0:18:11]} 50. Bxe5 {[%clk 0:05:19]} fxe5 {[%clk 0:18:11]} 51. Nxg7
{[%clk 0:05:19]} Rd2 {[%clk 0:18:11]} 52. Re1 {[%clk 0:05:19]} Kd7
{[%clk 0:18:11]} 53. g4 {[%clk 0:05:19]} Rg2+ {[%clk 0:18:11]} 54. Kf1
{[%clk 0:05:19]} Rg3 {[%clk 0:18:11]} 55. Ke2 {[%clk 0:05:19]} Bd5
{[%clk 0:18:11]} 56. Kd3 {[%clk 0:05:19]} e2+ {[%clk 0:18:11]} 57. Kxe2
{[%clk 0:05:19]} Rxh3 {[%clk 0:18:11]} 58. Kf2 {[%clk 0:05:19]} Rf3+
{[%clk 0:18:11]} 59. Ke2 {[%clk 0:05:19]} e4 {[%clk 0:18:11]} 60. Nh5
{[%clk 0:05:19]} Ke7 {[%clk 0:18:11]} 61. Kd2 {[%clk 0:05:19]} Rd3+
{[%clk 0:18:11]} 62. Kc2 {[%clk 0:05:19]} Rf3 {[%clk 0:18:11]} 63. Ra1
{[%clk 0:05:19]} Rf2+ {[%clk 0:18:11]} 64. Kc3 {[%clk 0:05:19]} e3
{[%clk 0:18:11]} 65. Kd3 {[%clk 0:05:19]} e2 {[%clk 0:18:11]} 66. Kd2
{[%clk 0:05:19]} Bc4 {[%clk 0:18:11]} 67. Re1 {[%clk 0:05:19]} Rf3
{[%clk 0:18:11]} 68. f6+ {[%clk 0:05:19]} Kf7 {[%clk 0:18:11]} 69. Rb1
{[%clk 0:05:19]} Rf2 {[%clk 0:18:11]} 70. Re1 {[%clk 0:05:19]} Rg2
{[%clk 0:18:11]} 71. Nf4 {[%clk 0:05:19]} Rxg4 {[%clk 0:18:11]} 72. Nxe2
{[%clk 0:05:19]} Rg2 {[%clk 0:18:11]} 73. Nf4 Rg4 74. Ne2 {[%clk 0:01:02]} Rg2
{[%clk 0:02:41]} 0-1

[Event "MP do lat 16 - dziewczeta"]
[Site "Sypniewo"]
[Date "2022.03.21"]
[Round "3.6"]
[White "Mroz, Lena"]
[Black "Arciszewska, Zuzanna"]
[Result "1-0"]
[BlackElo "1589"]
[WhiteElo "1773"]
[LiveChessVersion "1.4.8"]

1. e4 {[%clk 1:30:58]} e5 {[%clk 1:30:49]} 2. Nf3 {[%clk 1:31:21]} Nc6
{[%clk 1:31:11]} 3. Bb5 {[%clk 1:31:29]} a6 {[%clk 1:31:32]} 4. Ba4
{[%clk 1:31:47]} Nf6 {[%clk 1:31:42]} 5. O-O {[%clk 1:31:56]} b5 {[%clk 1:31:35]}
6. Bb3 {[%clk 1:32:18]} Bc5 {[%clk 1:30:51]} 7. c3 {[%clk 1:25:43]} d6
{[%clk 1:26:31]} 8. d4 {[%clk 1:19:36]} Bb6 {[%clk 1:26:03]} 9. Be3
{[%clk 1:03:39]} O-O {[%clk 1:24:34]} 10. h3 {[%clk 0:57:56]} Bb7
{[%clk 1:22:01]} 11. Nbd2 {[%clk 0:57:03]} h6 {[%clk 1:20:38]} 12. a3
{[%clk 0:49:11]} Re8 {[%clk 1:13:04]} 13. d5 {[%clk 0:43:31]} Ne7
{[%clk 1:12:15]} 14. Bxb6 {[%clk 0:42:43]} cxb6 {[%clk 1:12:44]} 15. Re1
{[%clk 0:33:39]} Ng6 {[%clk 1:12:37]} 16. Nf1 {[%clk 0:26:38]} Nh5
{[%clk 1:04:18]} 17. Ng3 {[%clk 0:20:26]} Nhf4 {[%clk 1:04:15]} 18. Qd2
{[%clk 0:11:01]} Qd7 {[%clk 1:02:16]} 19. Nf5 {[%clk 0:08:41]} a5
{[%clk 1:01:34]} 20. N3h4 {[%clk 0:04:47]} Qd8 {[%clk 0:59:42]} 21. Nf3
{[%clk 0:04:02]} Bc8 {[%clk 0:59:43]} 22. Bc2 {[%clk 0:01:59]} Qf6
{[%clk 0:56:54]} 23. Kh2 {[%clk 0:01:51]} Bxf5 {[%clk 0:56:05]} 24. exf5
{[%clk 0:02:20]} Ne7 {[%clk 0:56:34]} 25. g4 {[%clk 0:02:23]} Nexd5
{[%clk 0:52:36]} 26. Be4 {[%clk 0:02:32]} Nc7 {[%clk 0:51:35]} 27. Bxa8
{[%clk 0:02:25]} Nxa8 {[%clk 0:51:20]} 28. Qxf4 {[%clk 0:02:01]} exf4
{[%clk 0:51:16]} 29. Rxe8+ {[%clk 0:02:29]} Kh7 {[%clk 0:51:33]} 30. Rxa8
{[%clk 0:02:55]} b4 {[%clk 0:51:56]} 31. axb4 {[%clk 0:02:47]} axb4
{[%clk 0:52:18]} 32. Rc8 {[%clk 0:03:00]} 1-0

[Event "MP do lat 16 - dziewczeta"]
[Site "Sypniewo"]
[Date "2022.03.21"]
[Round "3.7"]
[White "Oborska, Magda"]
[Black "Gaczol, Julia"]
[Result "1-0"]
[BlackElo "1462"]
[WhiteElo "1627"]
[LiveChessVersion "1.4.8"]

1. e4 {[%clk 1:30:58]} c5 {[%clk 1:30:57]} 2. Nf3 {[%clk 1:31:23]} d6
{[%clk 1:31:19]} 3. d4 {[%clk 1:31:49]} cxd4 {[%clk 1:31:44]} 4. Nxd4
{[%clk 1:32:14]} Nf6 {[%clk 1:32:10]} 5. Nc3 {[%clk 1:32:38]} a6 {[%clk 1:32:06]}
6. Be3 {[%clk 1:32:46]} Ng4 {[%clk 1:30:12]} 7. Qd2 {[%clk 1:29:35]} Nxe3
{[%clk 1:29:52]} 8. Qxe3 {[%clk 1:29:56]} g6 {[%clk 1:28:57]} 9. g3
{[%clk 1:29:28]} Bg7 {[%clk 1:28:06]} 10. Nde2 {[%clk 1:28:26]} Qa5
{[%clk 1:16:29]} 11. Bg2 {[%clk 1:27:31]} Nd7 {[%clk 1:09:22]} 12. O-O
{[%clk 1:26:26]} Rb8 {[%clk 1:08:11]} 13. Rab1 {[%clk 1:21:23]} O-O
{[%clk 1:06:15]} 14. b4 {[%clk 1:19:15]} Qb6 {[%clk 1:04:02]} 15. Nd5
{[%clk 1:14:30]} Qd8 {[%clk 0:54:08]} 16. c4 {[%clk 1:01:16]} b5 {[%clk 0:46:30]}
17. c5 {[%clk 0:50:03]} dxc5 {[%clk 0:41:57]} 18. bxc5 {[%clk 0:50:11]} Bb7
{[%clk 0:41:25]} 19. Rbc1 {[%clk 0:47:19]} e6 20. Nb4 {[%clk 0:28:01]} Ne5
{[%clk 0:22:54]} 21. c6 {[%clk 0:25:04]} Nc4 {[%clk 0:21:15]} 22. Rxc4
{[%clk 0:15:11]} bxc4 {[%clk 0:20:06]} 23. cxb7 {[%clk 0:14:26]} Rxb7
{[%clk 0:16:15]} 24. a3 {[%clk 0:13:28]} a5 {[%clk 0:13:51]} 25. Nc6
{[%clk 0:12:49]} Qc7 {[%clk 0:13:11]} 26. e5 {[%clk 0:12:47]} Rb3
{[%clk 0:06:02]} 27. Qc5 {[%clk 0:12:50]} Re8 {[%clk 0:04:57]} 28. Qxa5
{[%clk 0:10:12]} Qxa5 {[%clk 0:03:55]} 29. Nxa5 {[%clk 0:10:37]} Rxa3
{[%clk 0:03:25]} 30. Nxc4 {[%clk 0:10:59]} Ra2 {[%clk 0:03:18]} 31. Nc1
{[%clk 0:08:27]} Rc2 {[%clk 0:02:26]} 32. Nd6 {[%clk 0:07:31]} Rb8
{[%clk 0:01:20]} 33. Nd3 {[%clk 0:07:06]} Rd2 {[%clk 0:01:21]} 34. Be4
{[%clk 0:06:42]} Rb3 {[%clk 0:00:59]} 35. Nc5 {[%clk 0:03:27]} Rb4
{[%clk 0:00:40]} 36. f4 {[%clk 0:02:59]} Bf8 {[%clk 0:00:47]} 37. Ncb7
{[%clk 0:02:25]} Rb6 {[%clk 0:00:41]} 38. Nc4 {[%clk 0:02:31]} Rdb2
{[%clk 0:00:38]} 39. Nxb6 {[%clk 0:02:37]} Rxb6 {[%clk 0:01:00]} 40. Rc1
{[%clk 0:32:14]} Kg7 {[%clk 0:31:06]} 41. Rc7 {[%clk 0:32:08]} Ra6
{[%clk 0:28:47]} 42. Nd8 {[%clk 0:31:51]} Ra1+ {[%clk 0:27:22]} 43. Kg2
{[%clk 0:32:09]} 1-0

[Event "MP do lat 16 - dziewczeta"]
[Site "Sypniewo"]
[Date "2022.03.21"]
[Round "3.8"]
[White "Samol, Julia"]
[Black "Uliasz, Katarzyna"]
[Result "1-0"]
[BlackElo "1575"]
[WhiteElo "1317"]
[LiveChessVersion "1.4.8"]

1. e4 {[%clk 1:30:57]} c5 {[%clk 1:30:48]} 2. Nc3 {[%clk 1:31:16]} Nc6
{[%clk 1:30:27]} 3. g3 {[%clk 1:31:31]} g6 {[%clk 1:30:00]} 4. Bg2
{[%clk 1:31:49]} Bg7 {[%clk 1:29:57]} 5. d3 {[%clk 1:31:48]} e6 {[%clk 1:29:40]}
6. Be3 {[%clk 1:31:43]} d6 {[%clk 1:26:48]} 7. Qd2 {[%clk 1:31:09]} Rb8
{[%clk 1:21:16]} 8. Nge2 {[%clk 1:18:47]} Nd4 {[%clk 1:20:04]} 9. Nd1
{[%clk 1:13:55]} b5 {[%clk 1:08:01]} 10. Nf4 {[%clk 1:03:47]} Ne7
{[%clk 0:58:09]} 11. c3 {[%clk 0:50:47]} Ndc6 {[%clk 0:53:41]} 12. Ne2
{[%clk 0:49:09]} h6 {[%clk 0:49:17]} 13. O-O {[%clk 0:39:48]} Ne5
{[%clk 0:47:19]} 14. h3 {[%clk 0:39:01]} Bb7 {[%clk 0:32:14]} 15. f4
{[%clk 0:35:14]} Nd7 {[%clk 0:31:03]} 16. Nf2 {[%clk 0:29:35]} Nb6
{[%clk 0:28:32]} 17. Rfd1 {[%clk 0:26:14]} Qc7 {[%clk 0:25:04]} 18. Rac1
{[%clk 0:25:46]} d5 {[%clk 0:23:42]} 19. e5 {[%clk 0:24:42]} Nf5 {[%clk 0:22:38]}
20. g4 {[%clk 0:16:54]} Nxe3 {[%clk 0:22:36]} 21. Qxe3 {[%clk 0:17:22]} O-O
{[%clk 0:19:32]} 22. Ng3 {[%clk 0:15:52]} Qe7 {[%clk 0:15:20]} 23. Kh2
{[%clk 0:14:25]} Rfd8 {[%clk 0:15:04]} 24. Qe2 {[%clk 0:12:55]} f6
{[%clk 0:12:32]} 25. d4 {[%clk 0:08:33]} c4 {[%clk 0:12:26]} 26. Rg1
{[%clk 0:07:25]} fxe5 {[%clk 0:12:13]} 27. fxe5 {[%clk 0:07:15]} a5
{[%clk 0:11:29]} 28. Nd1 {[%clk 0:02:43]} b4 {[%clk 0:11:37]} 29. Ne3
{[%clk 0:02:36]} Rf8 {[%clk 0:11:13]} 30. Rgf1 {[%clk 0:02:30]} Na4
{[%clk 0:11:16]} 31. Qc2 {[%clk 0:02:01]} Bc6 {[%clk 0:10:18]} 32. cxb4
{[%clk 0:00:55]} Qg5 {[%clk 0:09:25]} 33. b3 {[%clk 0:00:46]} Qxe3
{[%clk 0:09:05]} 34. bxa4 {[%clk 0:00:40]} axb4 {[%clk 0:08:07]} 35. Qxg6
{[%clk 0:00:54]} Qg5 {[%clk 0:07:23]} 36. Qxe6+ {[%clk 0:01:15]} Kh8
{[%clk 0:07:03]} 37. Qxc6 {[%clk 0:01:40]} Rfd8 {[%clk 0:05:29]} 38. Nh5
{[%clk 0:00:58]} b3 {[%clk 0:05:24]} 39. axb3 {[%clk 0:01:06]} cxb3
{[%clk 0:05:49]} 40. Nxg7 {[%clk 0:30:55]} Rdc8 {[%clk 0:32:28]} 41. Qf6
{[%clk 0:12:33]} Qxg7 {[%clk 0:26:00]} 42. Rxc8+ {[%clk 0:10:04]} Rxc8
{[%clk 0:26:27]} 43. Qxg7+ {[%clk 0:10:30]} Kxg7 {[%clk 0:26:50]} 44. Rb1
{[%clk 0:10:57]} Rc4 {[%clk 0:26:06]} 45. Bxd5 {[%clk 0:09:03]} Rxa4
{[%clk 0:25:23]} 46. Bxb3 {[%clk 0:08:58]} Rxd4 {[%clk 0:25:47]} 47. Re1 Rd2+
{[%clk 0:25:56]} 48. Kg1 {[%clk 0:08:49]} Kf8 {[%clk 0:24:49]} 49. Re3
{[%clk 0:08:48]} Ke7 {[%clk 0:24:11]} 50. e6 {[%clk 0:08:45]} Rb2
{[%clk 0:23:42]} 51. Ba4 {[%clk 0:08:41]} Ra2 {[%clk 0:23:19]} 52. Bd7
{[%clk 0:09:04]} h5 {[%clk 0:21:49]} 53. g5 {[%clk 0:08:49]} h4 {[%clk 0:22:09]}
54. g6 {[%clk 0:07:57]} Ra5 {[%clk 0:21:57]} 55. Re4 {[%clk 0:06:32]} Ra1+
{[%clk 0:17:49]} 56. Kg2 {[%clk 0:06:38]} Ra2+ {[%clk 0:17:40]} 57. Kf3
{[%clk 0:07:01]} Ra3+ {[%clk 0:17:43]} 58. Re3 {[%clk 0:06:23]} Ra5
{[%clk 0:14:58]} 59. Kg4 {[%clk 0:06:08]} Rc5 {[%clk 0:14:07]} 60. g7
{[%clk 0:05:42]} Rc1 {[%clk 0:12:08]} 61. Kxh4 {[%clk 0:05:13]} Rc4+
{[%clk 0:12:22]} 62. Kh5 {[%clk 0:05:11]} Rc5+ {[%clk 0:12:38]} 63. Kg6
{[%clk 0:05:05]} Rc2 {[%clk 0:12:02]} 64. Rg3 {[%clk 0:05:27]} Rb2
{[%clk 0:11:38]} 65. g8=Q {[%clk 0:05:32]} Rb8 {[%clk 0:11:46]} 66. Qf7+
{[%clk 0:05:50]} Kd8 {[%clk 0:11:59]} 67. Qf8+ {[%clk 0:05:56]} Kc7
{[%clk 0:12:24]} 68. Qxb8+ {[%clk 0:06:23]} Kxb8 {[%clk 0:12:51]} 69. Rc3
{[%clk 0:06:47]} Ka7 {[%clk 0:13:14]} 70. Rb3 {[%clk 0:07:08]} Ka6
{[%clk 0:13:30]} 71. e7 {[%clk 0:07:30]} Ka7 {[%clk 0:13:54]} 72. e8=Q
{[%clk 0:07:35]} Ka6 {[%clk 0:14:21]} 73. Qa8# {[%clk 0:07:33]} 1-0

[Event "MP do lat 16 - dziewczeta"]
[Site "Sypniewo"]
[Date "2022.03.21"]
[Round "3.9"]
[White "Kucharska, Helena"]
[Black "Bialek, Alicja"]
[Result "1-0"]
[BlackElo "1383"]
[WhiteElo "1687"]
[LiveChessVersion "1.4.8"]

1. d4 {[%clk 1:30:57]} g6 {[%clk 1:29:06]} 2. Nf3 {[%clk 1:30:41]} Bg7
{[%clk 1:28:04]} 3. g3 {[%clk 1:29:49]} Nf6 {[%clk 1:26:39]} 4. Bg2
{[%clk 1:29:42]} d6 {[%clk 1:21:27]} 5. O-O {[%clk 1:28:11]} O-O {[%clk 1:21:37]}
6. c4 {[%clk 1:24:08]} Nbd7 {[%clk 1:21:08]} 7. Nc3 {[%clk 1:24:01]} c5
{[%clk 1:13:43]} 8. b3 {[%clk 1:20:52]} Rb8 {[%clk 1:07:43]} 9. Bb2
{[%clk 1:19:14]} a6 {[%clk 1:07:27]} 10. a4 {[%clk 1:17:05]} Qb6 {[%clk 1:02:18]}
11. a5 {[%clk 1:13:27]} Qc7 {[%clk 1:02:08]} 12. Qc2 {[%clk 1:09:16]} b6
{[%clk 1:02:05]} 13. d5 {[%clk 1:05:46]} bxa5 {[%clk 0:59:03]} 14. Nd2
{[%clk 1:00:16]} Nb6 {[%clk 0:45:21]} 15. e4 {[%clk 0:56:08]} Bd7
{[%clk 0:34:28]} 16. Rab1 {[%clk 0:51:28]} h5 {[%clk 0:18:27]} 17. Nf3
{[%clk 0:48:43]} a4 {[%clk 0:06:15]} 18. Nxa4 {[%clk 0:46:14]} Nxa4
{[%clk 0:06:41]} 19. bxa4 {[%clk 0:46:32]} Rb4 {[%clk 0:06:58]} 20. Ra1
{[%clk 0:42:47]} Rxb2 {[%clk 0:03:48]} 21. Qxb2 {[%clk 0:42:08]} Nxe4
{[%clk 0:04:06]} 22. Qe2 {[%clk 0:42:03]} Bxa1 {[%clk 0:04:15]} 23. Rxa1
{[%clk 0:42:25]} Nc3 {[%clk 0:00:37]} 24. Qxe7 {[%clk 0:41:27]} Re8
{[%clk 0:00:58]} 25. Qf6 {[%clk 0:41:17]} Ne4 {[%clk 0:01:19]} 26. Qb2
{[%clk 0:38:01]} Qa5 {[%clk 0:01:21]} 27. Bf1 {[%clk 0:25:46]} Bg4
{[%clk 0:01:05]} 28. Nh4 {[%clk 0:16:32]} Ng5 {[%clk 0:00:40]} 29. Qf6
{[%clk 0:14:12]} Ne4 {[%clk 0:00:49]} 30. Qb2 {[%clk 0:13:48]} Nd2
{[%clk 0:00:47]} 31. Qf6 {[%clk 0:09:52]} Nxf1 {[%clk 0:00:35]} 32. Rxf1
{[%clk 0:10:16]} Qd8 {[%clk 0:00:32]} 33. Qxd8 {[%clk 0:09:19]} Rxd8
{[%clk 0:01:01]} 34. f3 {[%clk 0:09:08]} Bd7 {[%clk 0:01:07]} 35. a5
{[%clk 0:08:58]} Rb8 {[%clk 0:01:17]} 36. Ng2 {[%clk 0:08:14]} Rb4
{[%clk 0:00:42]} 37. Ne3 {[%clk 0:08:37]} Ra4 {[%clk 0:00:57]} 38. Rb1
{[%clk 0:08:46]} Rxa5 {[%clk 0:00:39]} 39. Rb8+ {[%clk 0:08:47]} Kg7
{[%clk 0:00:48]} 40. Rd8 {[%clk 0:39:06]} Ba4 {[%clk 0:30:32]} 41. Rxd6
{[%clk 0:39:11]} Bb3 {[%clk 0:29:58]} 42. Rb6 {[%clk 0:34:33]} Ra1+
{[%clk 0:25:04]} 43. Kf2 {[%clk 0:32:22]} Ra2+ {[%clk 0:24:59]} 44. Ke1
{[%clk 0:31:22]} Ra3 {[%clk 0:24:47]} 45. Kd2 {[%clk 0:27:32]} a5
{[%clk 0:24:10]} 46. Rb5 {[%clk 0:24:27]} a4 {[%clk 0:23:04]} 47. d6
{[%clk 0:22:25]} Kf6 {[%clk 0:22:39]} 48. d7 {[%clk 0:21:51]} Ke7
{[%clk 0:22:32]} 49. Rb7 {[%clk 0:22:13]} Kd8 {[%clk 0:21:15]} 50. Nd5
{[%clk 0:21:51]} Ra1 {[%clk 0:19:20]} 51. Nf6 {[%clk 0:14:47]} Rd1+
{[%clk 0:17:18]} 52. Kc3 {[%clk 0:13:31]} Rc1+ {[%clk 0:09:58]} 53. Kb2
{[%clk 0:13:00]} Rd1 {[%clk 0:05:54]} 54. g4 {[%clk 0:06:13]} hxg4
{[%clk 0:03:00]} 55. fxg4 {[%clk 0:06:35]} Bxc4 {[%clk 0:00:40]} 56. g5
{[%clk 0:06:19]} Ba6 {[%clk 0:00:41]} 57. Ra7 {[%clk 0:05:17]} Rd2+
{[%clk 0:00:31]} 58. Kc3 {[%clk 0:04:16]} Rd3+ {[%clk 0:00:43]} 59. Kc2
{[%clk 0:04:41]} Rd6 {[%clk 0:00:31]} 60. Ra8+ {[%clk 0:04:47]} Kc7
{[%clk 0:00:33]} 61. Ne8+ 1-0